[Event "Euro Online U2300 Day 1"]
[Site "chess.com INT"]
[Date "2020.05.25"]
[Round "2"]
[White "Martinkus, Rolandas"]
[Black "Berkovich, Mark A"]
[Result "0-1"]
[WhiteTitle "FM"]
[BlackTitle "IM"]
[WhiteElo "2117"]
[BlackElo "2326"]
[WhiteFideId "12800481"]
[BlackFideId "2801639"]
[EventDate "2020.05.25"]

1. Nf3 Nf6 2. c4 b6 3. Nc3 Bb7 4. d3 c5 5. e4 Nc6 6. g3 g6 7. Bg2 Bg7 8. O-O O-O
9. h3 a6 10. Be3 Ne8 11. Qd2 Nc7 12. Bh6 Ne6 13. Bxg7 Kxg7 14. Nd5 Ncd4 15. b4
Nxf3+ 16. Bxf3 Nd4 17. Bg2 e6 18. Ne3 d6 19. Rab1 Rb8 20. Rb2 e5 21. Rfb1 Bc6
22. Nd5 Bxd5 23. cxd5 Qc7 24. f4 f6 25. a4 b5 26. bxc5 Qxc5 27. Kh2 Rfc8 28. g4
Qc3 29. Qf2 Qxd3 30. g5 Rf8 31. Re1 fxg5 32. Rd2 Qc3 33. Re3 Qc7 34. Rxd4 exd4
35. Rd3 gxf4 36. Qxd4+ Kg8 37. e5 dxe5 38. Qe4 Qc4 39. d6 Qxe4 40. Bxe4 Rfd8 0-1

[Event "Euro Online U2300 Day 1"]
[Site "chess.com INT"]
[Date "2020.05.25"]
[Round "2"]
[White "Chalus, Karel"]
[Black "Sokolovsky, Yahli"]
[Result "1-0"]
[WhiteElo "2044"]
[BlackElo "2123"]
[WhiteFideId "311723"]
[BlackFideId "2820242"]
[EventDate "2020.05.25"]

1. e4 e5 2. Nf3 Nc6 3. Bb5 a6 4. Ba4 Nf6 5. O-O Be7 6. Re1 b5 7. Bb3 d6 8. c3
O-O 9. h3 h6 10. d4 Re8 11. Nbd2 Bf8 12. Nf1 Bb7 13. Ng3 Na5 14. Bc2 Nc4 15. Nh2
d5 16. b3 Nb6 17. dxe5 Nxe4 18. Nxe4 dxe4 19. Qg4 Rxe5 20. Bxh6 Qf6 21. Be3 c5
22. Qg3 Re6 23. Ng4 Qg6 24. Nh6+ gxh6 25. Qc7 Bd5 26. Rad1 Rae8 27. Qf4 Bd6 28.
Qh4 Kh7 29. Rd2 Rg8 30. f4 f5 31. Red1 Re7 32. Qf2 Reg7 33. Bxc5 Qxg2+ 34. Qxg2
Bxc5+ 35. Kf1 Rxg2 36. Rxg2 Rxg2 37. Kxg2 e3+ 38. Kf1 Kg6 39. Ke2 Kf6 40. Bd3
Bd6 41. Kxe3 Bg2 42. h4 Nd5+ 43. Kf2 Nxf4 44. b4 1-0

[Event "Euro Online U2300 Day 1"]
[Site "chess.com INT"]
[Date "2020.05.25"]
[Round "2"]
[White "Eden, James"]
[Black "Ibrahimli, Murad"]
[Result "0-1"]
[WhiteTitle "IM"]
[BlackTitle "IM"]
[WhiteElo "2330"]
[BlackElo "2436"]
[WhiteFideId "666491"]
[BlackFideId "13410229"]
[EventDate "2020.05.25"]

1. e4 e5 2. Nf3 Nc6 3. Bc4 Bc5 4. O-O Nf6 5. d3 d6 6. c3 O-O 7. a4 a6 8. Na3 h6
9. Nc2 Re8 10. b4 Ba7 11. Be3 Be6 12. b5 Na5 13. Bxe6 Rxe6 14. Rb1 axb5 15. axb5
d5 16. Bxa7 Rxa7 17. Qe2 dxe4 18. dxe4 Qe7 19. Ne3 Qc5 20. Nf5 Kh7 21. Rfd1 g6
22. Ne3 Kg7 23. Nd5 Nxd5 24. exd5 Re8 25. Nxe5 Qxc3 26. f4 Nb3 27. Qf2 b6 28.
Rd3 Ra1 29. Rxc3 Rxb1+ 30. Qf1 Rxf1+ 31. Kxf1 Nc5 32. Ra3 Ne4 33. Ra7 Rc8 34. g3
Nd6 35. Nc6 Nxb5 36. Rb7 Nd6 37. Ra7 Kf6 38. Ke2 h5 39. Kd3 Nb5 40. Rb7 Ra8 41.
Nd4 Ra3+ 42. Kc4 Nd6+ 43. Kb4 Rd3 44. Rxc7 Rxd4+ 45. Kc3 Rxd5 0-1

[Event "Euro Online U2300 Day 1"]
[Site "chess.com INT"]
[Date "2020.05.25"]
[Round "2"]
[White "Sernecki, Franciszek"]
[Black "Franchuk, Serhiy"]
[Result "1-0"]
[WhiteTitle "FM"]
[WhiteElo "2243"]
[BlackElo "2026"]
[WhiteFideId "1169297"]
[BlackFideId "14116740"]
[EventDate "2020.05.25"]

1. e4 c5 2. d4 cxd4 3. Nf3 e5 4. c3 d6 5. cxd4 Nc6 6. Nc3 a6 7. Bc4 exd4 8. Nxd4
Nf6 9. O-O Be7 10. h3 O-O 11. Be3 Nxd4 12. Qxd4 b5 13. Bd5 Nxd5 14. Nxd5 Bb7 15.
Rfd1 Bxd5 16. Qxd5 Rc8 17. Qb7 Rc2 18. Bb6 Qb8 19. Qxb8 Rxb8 20. Bd4 Rbc8 21.
Bc3 a5 22. a3 b4 23. axb4 axb4 24. Bxb4 Rxb2 25. Bxd6 Bxd6 26. Rxd6 h6 27. Rd7
Rcc2 28. Ra8+ Kh7 29. Rxf7 Rc1+ 30. Kh2 Rcc2 31. Kg3 Rb3+ 32. Rf3 Rb6 33. Raa3
Re2 34. Rae3 Rg6+ 35. Kh2 Rb2 36. e5 Re6 37. Re4 Ra2 38. Re1 Rc2 39. g3 Kg6 40.
Kg2 Rc5 41. Rfe3 Kf5 42. f4 g5 43. g4+ 1-0

[Event "Euro Online U2300 Day 1"]
[Site "chess.com INT"]
[Date "2020.05.25"]
[Round "2"]
[White "Trickov, Vasil"]
[Black "Rahal, Michael A"]
[Result "1-0"]
[WhiteTitle "IM"]
[BlackTitle "IM"]
[WhiteElo "2319"]
[BlackElo "2333"]
[WhiteFideId "311103"]
[BlackFideId "404691"]
[EventDate "2020.05.25"]

1. d4 e6 2. Nf3 Nf6 3. g3 b6 4. Bg2 Bb7 5. O-O Be7 6. c4 O-O 7. Nc3 Ne4 8. d5
Nxc3 9. bxc3 Na6 10. Nd4 Nc5 11. Ba3 Qc8 12. Nb3 d6 13. Nd4 e5 14. Nc6 Bxc6 15.
dxc6 Qa6 16. Bxc5 bxc5 17. Bd5 Rab8 18. Qc2 Rb6 19. Rab1 g6 20. a4 Kg7 21. Rb5
Rfb8 22. Rfb1 Qc8 23. a5 Rxb5 24. cxb5 h5 25. h4 Qg4 26. Qe4 Qxe4 27. Bxe4 f5
28. Bd5 Kf6 29. c4 Re8 30. b6 axb6 31. axb6 cxb6 32. Rxb6 Bd8 33. Rb8 1-0

[Event "Euro Online U2300 Day 1"]
[Site "chess.com INT"]
[Date "2020.05.25"]
[Round "2"]
[White "Hofer, Maximilian"]
[Black "Denisenko, Denis"]
[Result "0-1"]
[WhiteElo "2108"]
[BlackElo "2076"]
[WhiteFideId "1625560"]
[BlackFideId "4170652"]
[EventDate "2020.05.25"]

1. e4 e5 2. Nf3 Nf6 3. d4 exd4 4. Bc4 Bb4+ 5. c3 dxc3 6. O-O O-O 7. a3 Be7 8.
Nxc3 d6 9. b4 Nc6 10. Bb2 Bg4 11. h3 Bxf3 12. gxf3 Ne5 13. Bb3 Nh5 14. Nd5 c6
15. f4 cxd5 16. Qxh5 Nd3 17. Bc1 Bf6 18. Rb1 Nxc1 19. Rbxc1 dxe4 20. Bd5 Qe7 21.
Rfe1 Rac8 22. Rcd1 g6 23. Qg4 Rc3 24. Rxe4 Qc7 25. a4 Bg7 26. f5 Rc1 27. fxg6
Rxd1+ 28. Qxd1 hxg6 29. Rg4 Qc3 30. Rxg6 Qxh3 31. Rg3 Qh4 32. Bxb7 Rb8 33. Bd5
Rxb4 34. Kg2 Qf4 0-1

[Event "Euro Online U2300 Day 1"]
[Site "chess.com INT"]
[Date "2020.05.25"]
[Round "2"]
[White "Sivan, Yaacov"]
[Black "Golubenko, Valentina"]
[Result "1-0"]
[WhiteTitle "IM"]
[BlackTitle "WGM"]
[WhiteElo "2312"]
[BlackElo "2209"]
[WhiteFideId "2800730"]
[BlackFideId "4501993"]
[EventDate "2020.05.25"]

1. e4 e6 2. d4 d5 3. Nc3 Be7 4. Nf3 Nf6 5. e5 Nfd7 6. Ne2 c5 7. c3 Nc6 8. Ng3
cxd4 9. cxd4 f6 10. exf6 Nxf6 11. Bd3 O-O 12. O-O Qc7 13. a3 a5 14. b3 Bd6 15.
Re1 e5 16. dxe5 Nxe5 17. Nxe5 Bxe5 18. Ra2 Bg4 19. Be2 Bxe2 20. Raxe2 Rae8 21.
Bg5 Bxg3 22. hxg3 Rxe2 23. Rxe2 Qc5 24. b4 axb4 25. axb4 Qb5 26. Re5 Ne4 27.
Qxd5+ Qxd5 28. Rxd5 Nxg5 29. Rxg5 Rf6 30. f3 Rb6 31. b5 Kf7 32. Kf2 Kf6 33. Rc5
Ke6 34. g4 Rd6 35. Rc7 Rd7 36. Rxd7 Kxd7 37. Ke3 Kc7 38. Kd4 Kb6 39. Kc4 g5 40.
Kb4 h6 41. g3 Kc7 42. Kc5 b6+ 43. Kd5 Kd7 44. f4 Ke7 45. f5 Kd7 46. f6 Ke8 47.
Ke6 1-0

[Event "Euro Online U2300 Day 1"]
[Site "chess.com INT"]
[Date "2020.05.25"]
[Round "2"]
[White "Babiy, Igor"]
[Black "Zverev, Lev"]
[Result "0-1"]
[BlackTitle "CM"]
[WhiteElo "2243"]
[BlackElo "2087"]
[WhiteFideId "14136244"]
[BlackFideId "24250775"]
[EventDate "2020.05.25"]

1. Nf3 d5 2. c4 e6 3. g3 Nf6 4. Bg2 Be7 5. O-O c6 6. d4 O-O 7. Nbd2 b6 8. Qc2
Bb7 9. e4 Na6 10. Rd1 Rc8 11. b3 c5 12. exd5 exd5 13. Bb2 dxc4 14. Nxc4 b5 15.
dxc5 Qc7 16. Bxf6 Bxf6 17. Nd6 Bxa1 18. Nxc8 Rxc8 19. Rxa1 Nxc5 20. Ng5 g6 21.
Bxb7 Qxb7 22. Rc1 Rc7 23. Qe2 Re7 24. Qf3 Qxf3 25. Nxf3 Ne6 26. Rc8+ Kg7 27. Rb8
a6 28. Rb6 Nc7 29. Nd4 Re4 30. Nc2 Re2 31. Nb4 a5 32. Nc6 Re6 33. Kf1 h5 34. h4
b4 35. Kg2 Kh6 36. Kf1 f6 37. Kg2 g5 38. hxg5+ fxg5 39. Kf1 h4 40. Kg2 hxg3 41.
Kxg3 Kh5 42. Kh3 Rf6 43. Kg3 g4 44. Kg2 Kh4 45. Kh1 Kh3 46. Kg1 Rd6 47. Kf1 Re6 0-1

[Event "Euro Online U2300 Day 1"]
[Site "chess.com INT"]
[Date "2020.05.25"]
[Round "2"]
[White "Peycheva, Gergana"]
[Black "Caglar, Ahmet Ata"]
[Result "0-1"]
[WhiteTitle "FM"]
[WhiteElo "2255"]
[BlackElo "2077"]
[WhiteFideId "2916711"]
[BlackFideId "6328636"]
[EventDate "2020.05.25"]

1. d4 Nf6 2. c4 g6 3. Nc3 Bg7 4. e4 d6 5. Nf3 O-O 6. Be2 e5 7. O-O exd4 8. Nxd4
Re8 9. f3 c6 10. Re1 Na6 11. Kh1 Nh5 12. g3 Bh3 13. Be3 Nc5 14. Qd2 f5 15. exf5
gxf5 16. Rad1 Qf6 17. g4 fxg4 18. fxg4 Qg6 19. b4 Ne4 20. Nxe4 Rxe4 21. Bf3 Bxg4
22. Bxe4 Qxe4+ 23. Qg2 Qxg2+ 24. Kxg2 Bxd1 25. Rxd1 Re8 26. Nf5 Be5 27. Kf3 Rf8
28. Ke4 Nf6+ 29. Kd3 Ng4 30. Rg1 Rxf5 31. Rxg4+ Kf7 32. Bxa7 Rf3+ 33. Be3 Bxh2
34. Ke4 Rh3 35. Bd4 Ke6 36. a4 d5+ 37. cxd5+ cxd5# 0-1

[Event "Euro Online U2300 Day 1"]
[Site "chess.com INT"]
[Date "2020.05.25"]
[Round "2"]
[White "Nemkova, Ljubov"]
[Black "Akhayan, Ruben"]
[Result "0-1"]
[WhiteTitle "WFM"]
[BlackTitle "FM"]
[WhiteElo "2172"]
[BlackElo "2255"]
[WhiteFideId "4180070"]
[BlackFideId "204439"]
[EventDate "2020.05.25"]

1. d4 d5 2. Nf3 Nf6 3. c4 e6 4. Nc3 Be7 5. e3 O-O 6. Bd3 dxc4 7. Bxc4 c5 8. O-O
Nc6 9. h3 b6 10. dxc5 Bxc5 11. Qe2 Bb7 12. Rd1 Qe7 13. a3 Rfd8 14. Bd2 Rac8 15.
b4 Bd6 16. Rac1 Bb8 17. Bb3 h6 18. Nb5 Ba6 19. Bc4 Ne5 20. Nxe5 Bxe5 21. a4 Bb8
22. e4 Bb7 23. e5 Ne4 24. Be1 a6 25. Na3 a5 26. Nc2 Qg5 27. Ne3 Qxe5 28. g3 axb4
29. Ng4 Qg5 30. Bxb4 h5 31. Ne3 Nxg3 32. fxg3 Qxg3+ 33. Ng2 Qh2+ 34. Kf1 Qh1+ 0-1

[Event "Euro Online U2300 Day 1"]
[Site "chess.com INT"]
[Date "2020.05.25"]
[Round "2"]
[White "Sudakova, Irina"]
[Black "Godzwon, Iwo"]
[Result "0-1"]
[WhiteTitle "WGM"]
[BlackTitle "FM"]
[WhiteElo "2288"]
[BlackElo "2347"]
[WhiteFideId "4129903"]
[BlackFideId "21802483"]
[EventDate "2020.05.25"]

1. e4 c5 2. Ne2 e6 3. g3 d5 4. Bg2 dxe4 5. Nbc3 Nf6 6. Nxe4 Nxe4 7. Bxe4 Nd7 8.
O-O Nf6 9. Bg2 Be7 10. d4 O-O 11. dxc5 Bxc5 12. Bg5 Qe7 13. c4 h6 14. Bd2 Rd8
15. Qc2 e5 16. a3 Bf5 17. Qc1 Bd3 18. Re1 Bxf2+ 19. Kh1 Bxe1 20. Qxe1 Bxc4 21.
Nc3 Nd5 22. Ne4 f5 23. Nf2 e4 24. Nd1 Rac8 25. g4 fxg4 26. Bxe4 Kh8 27. Nc3 Nxc3
28. Bxc3 Qxe4+ 29. Qxe4 Bd5 30. Re1 Bxe4+ 31. Rxe4 Rc6 32. Rxg4 Rd7 33. Re4 Rg6
34. h4 Kh7 35. Kh2 Rf7 36. a4 Rc7 37. a5 Rgc6 38. Re3 Rc4 39. Kh3 Rf7 40. Rg3
Rcf4 41. h5 Rf3 0-1

[Event "Euro Online U2300 Day 1"]
[Site "chess.com INT"]
[Date "2020.05.25"]
[Round "2"]
[White "Tsaknakis, Zisis"]
[Black "Panagopoulos, Nikolaos"]
[Result "1-0"]
[BlackTitle "FM"]
[WhiteElo "2217"]
[BlackElo "2238"]
[WhiteFideId "4259963"]
[BlackFideId "4205375"]
[EventDate "2020.05.25"]

1. d4 d6 2. e4 g6 3. Nc3 Bg7 4. Bg5 c6 5. a4 Qa5 6. Qd2 b5 7. Nf3 b4 8. Nd1 Nf6
9. Bd3 O-O 10. h3 Ba6 11. O-O Bxd3 12. cxd3 Nbd7 13. Ne3 Nb6 14. e5 Nfd5 15. Nc4
Nxc4 16. dxc4 Nb6 17. Bxe7 Nxc4 18. Qc2 Qd5 19. Bxf8 Bxf8 20. Rac1 Na5 21. Rfe1
Re8 22. exd6 Rxe1+ 23. Rxe1 Bxd6 24. Qe4 Qb3 25. Qe8+ Kg7 26. Qd8 Nc4 27. Ne5
Nxe5 28. dxe5 Bc5 29. Qf6+ Kh6 30. Re4 1-0

[Event "Euro Online U2300 Day 1"]
[Site "chess.com INT"]
[Date "2020.05.25"]
[Round "2"]
[White "Ragnarsson, Johann"]
[Black "Kastner, Walter"]
[Result "0-1"]
[BlackTitle "FM"]
[WhiteElo "1956"]
[BlackElo "2187"]
[WhiteFideId "2301040"]
[BlackFideId "1602500"]
[EventDate "2020.05.25"]

1. d4 d6 2. Bf4 Nf6 3. h3 Nbd7 4. Nf3 g6 5. c4 Bg7 6. e3 O-O 7. Nc3 Re8 8. Be2
c6 9. O-O a6 10. Rc1 b5 11. b4 Bb7 12. c5 d5 13. a4 Ne4 14. Nxe4 dxe4 15. Nd2 f5
16. Qb3+ Kh8 17. Rcd1 Nf6 18. Be5 Nd5 19. Bxg7+ Kxg7 20. f3 exf3 21. Nxf3 e6 22.
Ne5 bxa4 23. Qa3 Qg5 24. Rf3 a5 25. b5 cxb5 26. Bxb5 Reb8 27. Nd7 Nc3 28. Qxc3
Bxf3 29. d5+ Kh6 30. Bf1 Rb3 31. Qd4 Bxd1 32. Qxd1 Qxe3+ 33. Kh1 Rd8 34. c6 Rc3
35. Qxa4 f4 36. Qxa5 Rc1 37. Qb5 Qf2 38. Qb4 Rxf1+ 0-1

[Event "Euro Online U2300 Day 1"]
[Site "chess.com INT"]
[Date "2020.05.25"]
[Round "2"]
[White "Abdulla, Khayala"]
[Black "Thorsteinsson, Thorsteinn"]
[Result "1-0"]
[WhiteTitle "WGM"]
[BlackTitle "FM"]
[WhiteElo "2263"]
[BlackElo "2271"]
[WhiteFideId "13401807"]
[BlackFideId "2300281"]
[EventDate "2020.05.25"]

1. e4 c5 2. c3 d6 3. d4 Nf6 4. Bd3 Nc6 5. Nf3 Bg4 6. d5 Bxf3 7. Qxf3 Ne5 8. Bb5+
Ned7 9. O-O g6 10. Qe2 Bg7 11. f4 O-O 12. Bd3 Qc7 13. Nd2 e6 14. dxe6 fxe6 15.
Nf3 Rae8 16. Bd2 a6 17. Rae1 b5 18. Bc2 c4 19. Qf2 Qc5 20. Be3 Qc7 21. Qh4 Nc5
22. e5 Nfe4 23. Kh1 Nd3 24. Bxd3 cxd3 25. Bd4 d5 26. Rd1 d2 27. Nxd2 Nxd2 28.
Rxd2 Bxe5 29. Bxe5 Qxe5 30. Rdf2 Qe4 31. Qg3 Rf7 32. Rf3 Qc2 33. R3f2 Qe4 34. h3
Ref8 35. Rf3 Qc2 36. R3f2 Qe4 37. Kh2 e5 38. fxe5 Rxf2 39. Rxf2 Rxf2 40. Qxf2
Qxe5+ 41. Qg3 Qe2 42. Qb8+ Kg7 43. b3 Qxa2 44. Qb7+ Kh6 45. Qxd5 Qe2 46. c4 bxc4
47. bxc4 a5 48. c5 Qe3 49. Qd6 a4 50. c6 Qc3 51. c7 a3 52. Qf8+ 1-0

[Event "Euro Online U2300 Day 1"]
[Site "chess.com INT"]
[Date "2020.05.25"]
[Round "2"]
[White "Rause, Olita"]
[Black "Nandrean, Dan"]
[Result "1-0"]
[WhiteTitle "IM"]
[WhiteElo "2192"]
[BlackElo "2173"]
[WhiteFideId "11600250"]
[BlackFideId "1212354"]
[EventDate "2020.05.25"]

1. e4 c5 2. c3 d6 3. d4 Nd7 4. Nf3 Qc7 5. Bd3 e6 6. Nbd2 Ngf6 7. O-O a6 8. a4
Be7 9. Re1 e5 10. dxe5 Nxe5 11. Nxe5 dxe5 12. Nc4 b6 13. Ne3 O-O 14. Qf3 Be6 15.
Nf5 Bxf5 16. Qxf5 c4 17. Bc2 Rfe8 18. Be3 g6 19. Qf3 Nd7 20. g3 Nc5 21. h4 Rad8
22. Kg2 Nd3 23. Rh1 Bc5 24. Bg5 Be7 25. b4 Rd6 26. Be3 b5 27. axb5 axb5 28. Ra7
Qd8 29. h5 Bf8 30. Qxf7+ 1-0

[Event "Euro Online U2300 Day 1"]
[Site "chess.com INT"]
[Date "2020.05.25"]
[Round "2"]
[White "Materia, Marco"]
[Black "Vujacic, Igor"]
[Result "1-0"]
[WhiteTitle "FM"]
[BlackTitle "CM"]
[WhiteElo "2269"]
[BlackElo "2207"]
[WhiteFideId "45150451"]
[BlackFideId "932620"]
[EventDate "2020.05.25"]

1. d4 Nf6 2. c4 g6 3. Nc3 Bg7 4. e4 d6 5. Nf3 O-O 6. Be2 c5 7. d5 b5 8. cxb5 a6
9. bxa6 Qa5 10. O-O Nbd7 11. Qc2 Bxa6 12. Bxa6 Qxa6 13. a4 Rfb8 14. Ra3 Rb4 15.
Bd2 Nb6 16. b3 c4 17. Rb1 cxb3 18. Rbxb3 Rxb3 19. Rxb3 Nfd7 20. Ra3 Nc4 21. Ra2
Nxd2 22. Qxd2 Nc5 23. Nb5 Qa5 24. Qxa5 Rxa5 25. Nbd4 Nxe4 26. Nc6 Ra6 27. Nxe7+
Kf8 28. Nc6 Nc3 29. Rc2 Rxa4 30. g3 Ra1+ 31. Kg2 Rd1 32. Rd2 Rxd2 33. Nxd2 Nxd5
34. Nc4 Ne7 35. Nb4 d5 36. Nb6 d4 37. Kf3 f5 38. Ke2 Kf7 39. Kd3 Ke6 40. Nc4 Nd5
41. Nc6 Nc3 42. Nxd4+ Kd5 43. Ne3+ Kc5 44. Ne6+ Kd6 45. Nxg7 Ne4 46. f3 Ng5 47.
f4 Nf3 48. Ngxf5+ gxf5 49. Nxf5+ Kd5 50. h3 Ne1+ 51. Ke2 Nc2 52. Ne3+ 1-0

[Event "Euro Online U2300 Day 1"]
[Site "chess.com INT"]
[Date "2020.05.25"]
[Round "2"]
[White "Kosmidis, Ioannis"]
[Black "Brehovsky, Paul"]
[Result "0-1"]
[WhiteElo "2130"]
[BlackElo "2149"]
[WhiteFideId "4253876"]
[BlackFideId "1616463"]
[EventDate "2020.05.25"]

1. d4 e6 2. c4 d5 3. Nf3 Nf6 4. g3 dxc4 5. Qa4+ Bd7 6. Qxc4 Bc6 7. Bg2 Nbd7 8.
O-O Nb6 9. Qc2 Be4 10. Qd1 Nbd5 11. Nbd2 Bg6 12. Ne5 c6 13. Nxg6 hxg6 14. e4 Nb6
15. Nb3 Be7 16. Qe2 Nfd7 17. Be3 Bg5 18. f4 Bf6 19. Rad1 O-O 20. g4 Qc7 21. g5
Be7 22. Qg4 Nc4 23. Bc1 c5 24. d5 exd5 25. Rxd5 Ndb6 26. Rd3 f5 27. Qh4 fxe4 28.
Bxe4 Rf5 29. Bxf5 gxf5 30. g6 Bxh4 0-1

[Event "Euro Online U2300 Day 1"]
[Site "chess.com INT"]
[Date "2020.05.25"]
[Round "2"]
[White "Kolbin, Anton"]
[Black "Laux, Dominik"]
[Result "0-1"]
[WhiteElo "2204"]
[BlackElo "2009"]
[WhiteFideId "24107271"]
[BlackFideId "12994219"]
[EventDate "2020.05.25"]

1. d4 d5 2. Bf4 Nf6 3. e3 e6 4. Nf3 Bd6 5. Bg3 O-O 6. Nbd2 c5 7. c3 Qc7 8. Ne5
Nfd7 9. Nxd7 Nxd7 10. Be2 e5 11. dxe5 Nxe5 12. O-O Be6 13. Nf3 Nxf3+ 14. Bxf3
Bxg3 15. hxg3 Rfd8 16. Qa4 Qb6 17. b3 d4 18. exd4 cxd4 19. c4 d3 20. Rfd1 d2 21.
Rab1 Rd4 22. Rb2 Rad8 23. Qa3 g6 24. Qe7 Qa5 25. b4 Qa3 26. Rc2 Bf5 27. Bd5
R8xd5 28. cxd5 Bxc2 29. Qe8+ Kg7 30. Qe5+ f6 31. Qxd4 Bxd1 32. Qxd2 Bg4 33. d6
Qa4 34. f3 Bf5 0-1

[Event "Euro Online U2300 Day 1"]
[Site "chess.com INT"]
[Date "2020.05.25"]
[Round "2"]
[White "Potapenko, Denis"]
[Black "Averyanov, Grigori"]
[Result "0-1"]
[WhiteElo "2150"]
[BlackElo "2274"]
[WhiteFideId "4132769"]
[BlackFideId "44150288"]
[EventDate "2020.05.25"]

1. d4 Nf6 2. Nc3 d5 3. Bg5 Nbd7 4. Nf3 e6 5. e4 dxe4 6. Nxe4 Be7 7. Nxf6+ Nxf6
8. Bd3 b6 9. Qe2 Bb7 10. O-O-O O-O 11. Ne5 Nd5 12. Bd2 Bg5 13. Qe4 f5 14. Qf3
Rb8 15. Bc4 c5 16. h4 Bxd2+ 17. Rxd2 Qc7 18. Re1 Rbc8 19. Qb3 cxd4 20. Rxd4 Kh8
21. f3 f4 22. Kb1 a6 23. Bxd5 Bxd5 24. c4 Bb7 25. Rd7 Qb8 26. Qxb6 Be4+ 27. Rxe4
Qxb6 28. Red4 Qc5 29. b3 Qxe5 0-1

[Event "Euro Online U2300 Day 1"]
[Site "chess.com INT"]
[Date "2020.05.25"]
[Round "2"]
[White "Toman, Jan"]
[Black "Gabovits, Ilia"]
[Result "1-0"]
[WhiteElo "2072"]
[BlackElo "1952"]
[WhiteFideId "321451"]
[BlackFideId "4501500"]
[EventDate "2020.05.25"]

1. Nf3 Nf6 2. g3 g6 3. Bg2 Bg7 4. O-O O-O 5. d3 d5 6. Nbd2 d4 7. e4 c5 8. a4 Nc6
9. Nc4 h6 10. h3 Ne8 11. Nfd2 e5 12. f4 exf4 13. gxf4 Nd6 14. Qf3 Nb4 15. Nxd6
Qxd6 16. Nc4 Qe7 17. Rf2 Be6 18. b3 f5 19. e5 Bd5 20. Qg3 Kh7 21. Ba3 Bxg2 22.
Rxg2 Qe6 23. Bxb4 cxb4 24. Nd6 Rab8 25. Nb5 Rbc8 26. Nxd4 Qb6 27. Kh1 Rfd8 28.
Nxf5 Bf8 29. Nd6 Rxd6 30. exd6 Qxd6 31. Rf1 Bg7 32. f5 Qxg3 33. Rxg3 gxf5 34.
Rxf5 Rc7 35. Rb5 Bc3 36. Kg2 Re7 37. Kf3 b6 38. Rg4 Rf7+ 39. Ke4 Rf2 40. Rd5
Re2+ 41. Kf3 Re7 42. Re4 Rf7+ 43. Kg4 Bd2 44. Rf5 Rg7+ 45. Kf3 Bc3 46. d4 Rd7
47. Ke3 Kg6 48. Rf3 Bb2 49. Kd3 h5 50. Kc4 Bc3 51. Re6+ Kg7 52. Re5 Rxd4+ 53.
Kb5 Kg6 54. Re6+ Kg5 55. Re5+ Kg6 56. Re7 Rd5+ 57. Ka6 Ra5+ 58. Kb7 Rc5 59. Kxa7
Rc6 60. Kb7 Rd6 61. Re4 Bd4 62. Rd3 Kf5 63. Rdxd4 Rg6 64. Rf4+ Ke5 65. Rxb4 Kd5
66. Rfd4+ Kc5 67. Rdc4+ Kd5 68. Rb5+ Ke6 69. Rxb6+ 1-0

[Event "Euro Online U2300 Day 1"]
[Site "chess.com INT"]
[Date "2020.05.25"]
[Round "2"]
[White "Samadov, Read"]
[Black "Grebnev, Aleksey"]
[Result "0-1"]
[WhiteTitle "CM"]
[WhiteElo "2332"]
[BlackElo "2223"]
[WhiteFideId "13417444"]
[BlackFideId "34189030"]
[EventDate "2020.05.25"]

1. d4 Nf6 2. c4 g6 3. g3 Bg7 4. Bg2 O-O 5. Nc3 d6 6. Nf3 Nc6 7. O-O Bf5 8. d5
Na5 9. Nd4 Bd7 10. b3 c5 11. dxc6 bxc6 12. Bb2 Rb8 13. Qd2 c5 14. Nf3 Nc6 15.
Rad1 Qa5 16. Rfe1 Nb4 17. Ra1 Nc6 18. Rad1 Rfd8 19. h3 Nb4 20. Ra1 Qb6 21. e4 e5
22. Rad1 Be8 23. Nh2 Nc6 24. Nd5 Nxd5 25. exd5 Nd4 26. Nf3 a5 27. Nxd4 cxd4 28.
Ba3 f5 29. Rc1 Rbc8 30. Red1 Bf7 31. Kh2 Bf6 32. h4 Kg7 33. Rc2 Qa6 34. Rdc1 Rd7
35. Bb2 Rdc7 36. Bf1 Qb6 37. Rd1 Bxd5 38. f4 Ba8 39. fxe5 dxe5 40. Bg2 Bxg2 41.
Qxg2 e4 42. Rcd2 d3 43. Bxf6+ Qxf6 44. Qf2 a4 45. Qe3 Rb7 46. bxa4 Rxc4 47. a5
Ra4 48. Qc5 Qe7 49. Qc3+ Qf6 50. Qc8 Ra7 51. Rc1 Re7 52. Rc7 Rxa5 53. Rxe7+ Qxe7
54. Qc3+ Qe5 55. Qc6 Ra7 56. h5 Rf7 57. hxg6 hxg6 58. a4 f4 59. Kg2 f3+ 0-1

[Event "Euro Online U2300 Day 1"]
[Site "chess.com INT"]
[Date "2020.05.25"]
[Round "2"]
[White "Pogorelov, Igor"]
[Black "Can, Melih Kaan"]
[Result "1/2-1/2"]
[WhiteElo "2129"]
[BlackElo "2105"]
[WhiteFideId "14113279"]
[BlackFideId "6317383"]
[EventDate "2020.05.25"]

1. e4 c5 2. c3 d5 3. exd5 Qxd5 4. d4 Nf6 5. Nf3 Bg4 6. Be2 e6 7. O-O Nc6 8. h3
Bh5 9. Be3 cxd4 10. cxd4 Be7 11. Nc3 Qd6 12. a3 O-O 13. Qb3 Rfd8 14. Rfd1 a6 15.
Rac1 b5 16. d5 exd5 17. Nxd5 Nxd5 18. Rc5 Na5 19. Qxd5 Qxc5 20. Bxc5 Rxd5 21.
Rxd5 Bxf3 22. Bxf3 Bxc5 23. Rxc5 Rd8 24. Bd5 Kf8 25. b4 Nc4 26. Bxc4 bxc4 27.
Rxc4 Rd1+ 28. Kh2 Rd3 29. a4 Ra3 30. b5 axb5 31. axb5 Rb3 32. Rc5 Ke7 33. f3 Kd6
34. Rc6+ Kd7 35. Rb6 Kc7 36. Rc6+ Kd7 37. Rc5 Kd6 38. Rf5 Ke6 39. Rh5 h6 40. Kg3
f5 41. Kh4 Rxb5 42. g4 Kf6 43. Kg3 Ra5 44. h4 Kg6 45. Kf4 Ra4+ 46. Kg3 Ra5 47.
Kf4 Ra4+ 48. Kg3 f4+ 49. Kg2 Ra2+ 50. Kg1 Ra1+ 51. Kg2 Ra2+ 52. Kg1 Ra3 53. Kg2
Ra2+ 1/2-1/2

[Event "Euro Online U2300 Day 1"]
[Site "chess.com INT"]
[Date "2020.05.25"]
[Round "2"]
[White "Pavlidis, Anastasios"]
[Black "Tadic, Stefan"]
[Result "0-1"]
[WhiteTitle "IM"]
[BlackTitle "FM"]
[WhiteElo "2333"]
[BlackElo "2257"]
[WhiteFideId "4208404"]
[BlackFideId "958980"]
[EventDate "2020.05.25"]

1. d4 Nf6 2. c4 c5 3. d5 b5 4. cxb5 a6 5. e4 Nxe4 6. Bd3 Nf6 7. Nc3 g6 8. Qe2 d6
9. bxa6 Bxa6 10. Bxa6 Nxa6 11. Bg5 Bg7 12. Nf3 O-O 13. O-O h6 14. Bf4 Re8 15.
Qd2 Kh7 16. Rfe1 Qb6 17. Rab1 Qb7 18. h3 Nb4 19. a3 Nbxd5 20. Nxd5 Qxd5 21. Qc1
Rac8 22. b3 Qb7 23. Bd2 Qa6 24. Bc3 e5 25. Nd2 Nd5 26. Ba1 Nf4 27. Qc2 d5 28.
Re3 Ne2+ 29. Kh1 Nd4 30. Qd1 e4 31. b4 c4 32. Rc1 Nf5 33. Re1 Bxa1 34. Rxa1 c3
35. Nb3 Qc4 36. Nc5 Nd4 37. Rc1 Ne6 38. Re3 d4 39. Rxe4 Nxc5 40. Rxe8 Rxe8 41.
bxc5 d3 42. Qf3 d2 43. Rxc3 d1=Q+ 44. Qxd1 Qxc3 45. Qd7 Re1+ 46. Kh2 Qe5+ 47. g3
Qf5 48. Qd2 Qe4 49. f3 Re2+ 50. Kg1 Qb1+ 51. Qc1 Qxc1# 0-1